| LEADER | 00447nam a2200181Ia 4500 | ||
|---|---|---|---|
| 001 | CTU_91451 | ||
| 008 | 210402s9999 xx 000 0 und d | ||
| 082 | |a 128 | ||
| 082 | |b Y94 | ||
| 100 | |a Yutang, Lin | ||
| 245 | 4 | |a The importance of living | |
| 245 | 0 | |c Lin Yutang | |
| 260 | |a New York | ||
| 260 | |b Reynal & Hitchcock | ||
| 260 | |c 1937 | ||
| 650 | |a Life | ||
| 904 | |i Nguyên | ||
| 980 | |a Trung tâm Học liệu Trường Đại học Cần Thơ | ||